| 000 | 00000nam 2200000za 4500 |
| 001 | 9.840364 |
| 003 | CaOODSP |
| 005 | 20221107151826 |
| 007 | cr ||||||||||| |
| 008 | 170726q2015 onc |o f|0| 0 eng d |
| 040 | |aCaOODSP|beng |
| 043 | |an-cn--- |
| 086 | 1 |aH164-215/2015E-PDF |
| 245 | 00|aSnacks that meet the grade |h[electronic resource]. |
| 260 | |a[Ottawa?] : |bHealth Canada, |c[2015?] |
| 300 | |a[1] p. |
| 500 | |aIssued also in French under title: Des collations à la hauteur de vos enfants. |
| 500 | |aCaption title. |
| 692 | 07|2gccst|aFood labelling |
| 710 | 1 |aCanada. |bHealth Canada. |
| 775 | 08|tDes collations à la hauteur de vos enfants |w(CaOODSP)9.840366 |
| 856 | 40|qPDF|s404 KB|uhttps://publications.gc.ca/collections/collection_2017/sc-hc/H164-215-2015-eng.pdf |